|
|
|
|
| LEADER |
00000cam a2200000 c 4500 |
| 001 |
274300699 |
| 003 |
DE-627 |
| 005 |
20230302173215.0 |
| 007 |
tu |
| 008 |
880614s1986 xx ||||| 00| ||und c |
| 020 |
|
|
|a 2207232859
|9 2-207-23285-9
|
| 035 |
|
|
|a (DE-627)274300699
|
| 035 |
|
|
|a (DE-576)014184427
|
| 035 |
|
|
|a (DE-599)GBV274300699
|
| 035 |
|
|
|a (OCoLC)246647599
|
| 035 |
|
|
|a (OCoLC)17551173
|
| 035 |
|
|
|a (DE-604)8087532077
|
| 040 |
|
|
|a DE-627
|b ger
|c DE-627
|e rakwb
|
| 084 |
|
|
|a NC 2200
|2 rvk
|0 (DE-625)rvk/124583:
|
| 100 |
1 |
|
|a Réouven, René
|4 aut
|
| 245 |
1 |
0 |
|a Dictionnaire des assassins
|b d'Abimelech à Zulotea, de Cai͏̈n à Mesrine
|
| 250 |
|
|
|a éd. revue et augm
|
| 264 |
|
1 |
|a Paris
|b Denoe͏̈l
|c 1986
|
| 300 |
|
|
|a 429 S.
|b Ill.
|
| 336 |
|
|
|a Text
|b txt
|2 rdacontent
|
| 337 |
|
|
|a ohne Hilfsmittel zu benutzen
|b n
|2 rdamedia
|
| 338 |
|
|
|a Band
|b nc
|2 rdacarrier
|
| 583 |
1 |
|
|a Archivierung prüfen
|c 20200919
|f DE-640
|z 1
|2 pdager
|
| 655 |
|
7 |
|a Biografie
|0 (DE-588)4006804-3
|0 (DE-627)104213493
|0 (DE-576)208867147
|2 gnd-content
|
| 655 |
|
7 |
|a Enzyklopädie
|0 (DE-588)4014986-9
|0 (DE-627)104675322
|0 (DE-576)208910085
|2 gnd-content
|
| 689 |
0 |
0 |
|d s
|0 (DE-588)4003451-3
|0 (DE-627)106389548
|0 (DE-576)208851623
|a Attentat
|2 gnd
|
| 689 |
0 |
|
|5 (DE-627)
|
| 935 |
|
|
|i Blocktest
|
| 936 |
r |
v |
|a NC 2200
|b Biografische Nachschlagewerke (Gesamtgeschichtliche und nationalbiografische Werke)
|k Geschichte
|k Historische Hilfsmittel
|k Nachschlagewerke
|k Biografische Nachschlagewerke (Gesamtgeschichtliche und nationalbiografische Werke)
|0 (DE-627)127073430X
|0 (DE-625)rvk/124583:
|0 (DE-576)20073430X
|
| 951 |
|
|
|a BO
|
| ELC |
|
|
|b 1
|
| LOK |
|
|
|0 000 xxxxxcx a22 zn 4500
|
| LOK |
|
|
|0 001 3293109705
|
| LOK |
|
|
|0 003 DE-627
|
| LOK |
|
|
|0 004 274300699
|
| LOK |
|
|
|0 005 20151027132059
|
| LOK |
|
|
|0 008 880614||||||||||||||||ger|||||||
|
| LOK |
|
|
|0 040
|a DE-21
|c DE-627
|d DE-21
|
| LOK |
|
|
|0 852
|a DE-21
|
| LOK |
|
|
|0 852 1
|c KB 18 A 3697
|9 00
|
| LOK |
|
|
|0 935
|a krim
|
| LOK |
|
|
|0 939
|a 14-06-88
|b l01
|
| ORI |
|
|
|a SA-MARC-krimdoka001.raw
|
| SIG |
|
|
|a UB: KB 18 A 3697
|